| 000 | 00716nam a2200253Ia 4500 | ||
|---|---|---|---|
| 001 | 38797 | ||
| 005 | 20240114002025.0 | ||
| 007 | ta | ||
| 008 | 070731s1354 a g b000 u 346 u | ||
| 040 | _aCotton College,Assam | ||
| 041 | _a346 | ||
| 082 |
_a954.085 _bC 349 J |
||
| 100 | _aChakravarty, Troilokiyanath . | ||
| 245 | 0 |
_aJele Trish Basar / _cTroilokiyanath Chakravarty. _hTextual Documents |
|
| 250 | _a1st ed. / | ||
| 260 |
_aCalcutta : _bS. Majumdar , _c1354. |
||
| 300 |
_a179p. : _bill ; _c19cm . |
||
| 653 | _aHistory-Troilokiyanath Chakravarty | ||
| 653 | _aBiography-Troilokiyanath Chakravarty | ||
| 653 | _aG-History | ||
| 942 |
_2ddc _cBK |
||
| 999 |
_c38769 _d38769 |
||